Chameleon, aneb, Josef Fouché : analýza inscenace a rekonstrukce představení Divadla na provázku /

Hlavní autor: Ciampi Matulová, Jitka, 1976-
Jazyk: Čeština
Vydáno: Brno : JAMU, 2023
Vydání: Vydání první
Témata:
Fyzický popis: 212 stran : ilustrace (některé barevné), portréty, noty, faksimile ; 21 cm
Language note: Anglické a francouzské resumé
Knihy
Uloženo v:
LEADER 02615nam a2200661 i 4500
001 nkc20243584840
003 CZ PrNK
005 20240228085721.0
007 ta
008 240123s2023 xr acghf 000 d cze
015 |a cnb003584840 
020 |a 978-80-7460-219-1  |q (brožováno) 
035 |a (OCoLC)1425859038 
040 |a BOA001  |b cze  |e rda 
041 0 |a cze  |b eng  |b fre 
043 |a e-xr---  |b e-xr-jm  |2 czenas 
045 |a x8x8 
072 7 |a 792  |x Divadlo. Divadelní představení  |2 Konspekt  |9 3 
080 |a 792.54:782.1/.7  |2 MRF 
080 |a 792.054  |2 MRF 
080 |a 78-042.4  |2 MRF 
080 |a (437.322)  |2 MRF 
080 |a (048.8)  |2 MRF 
080 |a (0:82-293.1)  |2 MRF 
100 1 |a Ciampi Matulová, Jitka,  |d 1976-  |7 hka2010554601  |4 aut 
245 1 0 |a Chameleon, aneb, Josef Fouché :  |b analýza inscenace a rekonstrukce představení Divadla na provázku /  |c Jitka Ciampi Matulová 
246 3 0 |a Josef Fouché 
250 |a Vydání první 
264 1 |a Brno :  |b JAMU,  |c 2023 
300 |a 212 stran :  |b ilustrace (některé barevné), portréty, noty, faksimile ;  |c 21 cm 
336 |a text  |b txt  |2 rdacontent 
337 |a bez média  |b n  |2 rdamedia 
338 |a svazek  |b nc  |2 rdacarrier 
500 |a Obsahuje QR kód s přístupem k rozšiřujícím materiálům 
504 |a Obsahuje bibliografii a bibliografické odkazy 
546 |a Anglické a francouzské resumé 
630 0 7 |a Chameleon aneb Josef Fouché (operní inscenace : Divadlo na provázku : 1984)  |7 unn20241215603  |2 czenas 
648 4 |a 1984 
648 7 |a 1981-1990  |7 ch460586  |2 czenas 
650 0 7 |a operní inscenace  |7 ph137507  |z Česko  |y 1981-1990  |2 czenas 
650 0 7 |a experimentální divadlo  |7 ph135152  |z Česko  |y 1981-1990  |2 czenas 
650 0 7 |a interpretace a přijetí hudebního díla  |7 ph957061  |2 czenas 
650 0 9 |a opera productions  |z Czechia  |y 1981-1990  |2 eczenas 
650 0 9 |a experimental theater  |z Czechia  |y 1981-1990  |2 eczenas 
650 0 9 |a interpretation and reception of music  |2 eczenas 
651 7 |a Brno (Česko)  |7 ge134084  |2 czenas 
651 9 |a Brno (Czechia)  |2 eczenas 
655 7 |a studie  |7 fd133597  |2 czenas 
655 7 |a operní libreta  |7 fd184679  |2 czenas 
655 9 |a studies  |2 eczenas 
655 9 |a librettos  |2 eczenas 
910 2 |a BOA001  |b 2-1519.532 
928 9 |a Janáčkova akademie múzických umění 
990 |a BK 
995 |a 01 
991 |b 202402  |c NOV 
996 6 |b 2610960188  |c 2-1519.532  |l MZK  |r Sklad / do 1 hodiny  |n 0  |p p.v.  |w 001952162  |u 000010  |a 1  |e BOA001  |j MZK50  |s P 
996 7 |b 2610960189  |c 2-1519.532  |l MZK  |r Sklad / do 1 hodiny  |n 1  |p p.v.  |w 001952162  |u 000020  |a 1  |e BOA001  |j MZK50  |s A